| 000 | 00581nam a2200205Ia 4500 | ||
|---|---|---|---|
| 020 | _a0804831947 | ||
| 040 | _cNBO | ||
| 082 | _a759 BRI 1998 | ||
| 100 | 1 | _aBriessen, Fritz van | |
| 245 | 1 | 4 |
_aThe way of the brush : _bpainting techniques of China and Japan / |
| 250 | _a1st paper ed | ||
| 260 |
_aBoston, Mass. : _bTuttle Publishing. _c1998 |
||
| 300 |
_a329 p. _bill. ; _c28 cm |
||
| 500 | _aFirst published in 1962 | ||
| 650 | 0 | _aInk painting, Chinese | |
| 650 | 0 | _aInk painting, Japanese | |
| 650 | 0 | _aPainting, Chinese | |
| 650 | 0 | _aPainting, Japanese | |
| 942 | _cAEDBB | ||
| 999 |
_c11257 _d11257 |
||